Cultura y culturas, dialéctica de lo general, lo particular y lo singular /

Kaydedildi:
Detaylı Bibliyografya
Yazar: Kazan, M. S.
Materyal Türü: Metin
Konular:
Etiketler: Etiketle
Etiket eklenmemiş, İlk siz ekleyin!

MARC

LEADER 00000 a a2200000 04500
001 2608
003
040
100 |a Kazan, M. S.  
245 |a Cultura y culturas, dialéctica de lo general, lo particular y lo singular /  |c M. S. Kazan 
650 |a CULTURA  
773 |g número 130; páginas 134-139  
999 |c 35708  |d 35708